| 000 | 00775 a2200229 4500 | ||
|---|---|---|---|
| 999 |
_c10557 _d10557 |
||
| 020 | _a9781250222374 | ||
| 050 | 0 | 0 | _aPS3610.JOH 2019 |
| 100 | 1 |
_aJohnston, Scott, _d1960- _eauthor. |
|
| 245 | 1 | 0 |
_aCampusland / _cScott Johnston. |
| 250 | _a1st edition. | ||
| 264 | 1 |
_aNew York : _bSt. Martin's Press, _c2019. |
|
| 300 | _a322 pages ; | ||
| 336 |
_atext _btxt _2rdacontent |
||
| 337 |
_aunmediated _bn _2rdamedia |
||
| 338 |
_avolume _bnc _2rdacarrier |
||
| 500 | _aNo index | ||
| 650 | 0 | _aCollege students | |
| 650 | 0 | _aCollege teachers | |
| 650 | 0 | _aUniversities and colleges | |
| 942 |
_2lcc _cBK _h3610 _iJOH _kPS |
||